Central Library OPAC University of Rajshahi

টেলিভিশন / (Record no. 40310)

MARC details
000 -LEADER
fixed length control field 00886nam a2200265 a 4500
001 - CONTROL NUMBER
control field 40310
003 - CONTROL NUMBER IDENTIFIER
rucl marc code BD-RjUL
005 - DATE AND TIME OF LATEST TRANSACTION
control field 20211209053205.0
008 - FIXED-LENGTH DATA ELEMENTS--GENERAL INFORMATION
fixed length control field 160428s1969 bg a|||| |||| 00| 0 ben d
020 ## - INTERNATIONAL STANDARD BOOK NUMBER
Terms of availability Tk. 3.25
035 ## - SYSTEM CONTROL NUMBER
System control number (BD-RjUL)40425
040 ## - CATALOGING SOURCE
Original cataloging agency BD-RjUL
Language of cataloging ben
Transcribing agency BD-RjUL
041 ## - LANGUAGE CODE
Language code of text/sound track or separate title ben
082 ## - DEWEY DECIMAL CLASSIFICATION NUMBER
Edition number 23
Classification number 621.388
Author mark and year AHT 1969
100 ## - MAIN ENTRY--PERSONAL NAME
Personal name আহমেদ, রফি
9 (RLIN) 124196
245 10 - TITLE STATEMENT
Title টেলিভিশন /
Statement of responsibility, etc. রফি আহমেদ, ফজলুর রহমান
250 ## - EDITION STATEMENT
Edition statement ১ম সং.
260 ## - PUBLICATION, DISTRIBUTION, ETC. (IMPRINT)
Place of publication, distribution, etc. ঢাকা :
Name of publisher, distributor, etc. বাংলা একাডেমী,
Date of publication, distribution, etc. ১৯৬৯
300 ## - PHYSICAL DESCRIPTION
Pagination [৩], ১০৯ পৃ. :
Illustrations চিত্র ;
Size ২০ সেমি.
490 ## - SERIES STATEMENT
Series statement বা এ ;
Volume/sequential designation ২৮৮
650 ## - SUBJECT ADDED ENTRY--TOPICAL TERM
Topical term or geographic name as entry element টেলিভিশন
9 (RLIN) 124197
Topical term or geographic name as entry element Television
9 (RLIN) 124198
700 ## - ADDED ENTRY--PERSONAL NAME
Personal name রহমান, ফজলুর
942 ## - ADDED ENTRY ELEMENTS (KOHA)
Source of classification or shelving scheme Dewey Decimal Classification
Koha item type Books
Holdings
Lost status Source of classification or shelving scheme Damaged status Not for loan Collection code Permanent Location Current Location Shelving location Date acquired Source of acquisition Cost, normal purchase price Total Checkouts Full call number Date last seen Copy number Koha item type
  Dewey Decimal Classification     Non-fiction Central Library, University of Rajshahi Central Library, University of Rajshahi   17/01/1975 Bangla Academy, Dhaka 3.25   B 621.388 AHT 1969 28/04/2016 C-2 Books
  Dewey Decimal Classification     Non-fiction Central Library, University of Rajshahi Central Library, University of Rajshahi   09/01/1975 Bangla Academy, Dhaka 3.25   B 621.388 AHT 1969 28/04/2016 C-3 Books
  Dewey Decimal Classification     Non-fiction Central Library, University of Rajshahi Central Library, University of Rajshahi   09/01/1975 Bangla Academy, Dhaka 3.25   B 621.388 AHT 1969 13/07/2016 C-4 Books
  Dewey Decimal Classification     Non-fiction Central Library, University of Rajshahi Central Library, University of Rajshahi   09/01/1975 Bangla Academy, Dhaka 3.25   B 621.388 AHT 1969 05/11/2016 C-5 Books
  Dewey Decimal Classification     Non-fiction Central Library, University of Rajshahi Central Library, University of Rajshahi   09/01/1975 Bangla Academy, Dhaka 3.25   B 621.388 AHT 1969 27/11/2016 C-6 Books
  Dewey Decimal Classification     Non-fiction Central Library, University of Rajshahi Central Library, University of Rajshahi   09/01/1975 Bangla Academy, Dhaka 3.25   B 621.388 AHT 1969 27/11/2016 C-7 Books
  Dewey Decimal Classification   Not For Loan Non-fiction Central Library, University of Rajshahi Central Library, University of Rajshahi Reading Room 09/01/1975 Bangla Academi, Dhaka 3.25   B 621.388 AHT 1969 22/04/2017 C-1 Books
  Dewey Decimal Classification     Non-fiction Central Library, University of Rajshahi Central Library, University of Rajshahi   09/01/1975 Bangla Academy, Dhaka 3.25   B 621.388 AHT 1969 01/01/2018 C-8 Books
  Dewey Decimal Classification     Non-fiction Central Library, University of Rajshahi Central Library, University of Rajshahi   09/01/1975 Bangla Academi, Dhaka 3.25   B 621.388 AHT 1969 18/01/2018 C-9 Books